000 00298nam a22001457a 4500
003 SGT
020 _a9789353062019
082 _a621.38,MAN
100 _aMANO, MORRIS M.
245 _aDIGITAL DESIGN
250 _a6TH
260 _aNEW DELHI
_bPEARSON
_c2024
300 _a765
942 _2ddc
_cBK
999 _c28340
_d28340